00680cam a2200193I 4500001000400000003000800004005001700012008004100029035001700070040003200087041000800119082002500127100002600152245011100178260004800289300003100337504009600368650002200464535BD-RjUL20211208233209.0131118s1946 nyua b 00110 eng d a(BD-RjUL)552 aDLCcPCJdSERdBD-RjULbeng aeng 220a651.53bPES 19461 aPettee, Julia,d1872-00aSubject headings:bthe history and theory of the alphabetical subject approach to books/cby Julia Pettee. aNew York:bThe H. W. Wilson Company,c1946. a191 p. :bdiagr. ;c23 cm. a"Published library catalogs mentioned in chapter II": p. 50-53. Bibliography: p. [167]-186. 0aSubject headings.